Niektoré výsledky o produkčných funkciách

Prednosti formalizovaného (matematického) prístupu k štúdiu ekonomických javov a procesov. Základné definície a výsledky. Rozdelenie produkcie. Cobbova-Douglasova produkčná funkcia.

Enregistré dans:
Détails bibliographiques
Auteur principal: Jurga, Rastislav
Format: Chapitre de livre
Langue:slovaque
Sujets:
Tags: Ajouter un tag
Pas de tags, Soyez le premier à ajouter un tag!

MARC

LEADER 00000naa$a2200000$$$4500
001 0028430
005 20240502071430.8
041 0 |a slo 
044 |a SK 
245 1 0 |a Niektoré výsledky o produkčných funkciách  |c Rastislav Jurga 
520 |a Prednosti formalizovaného (matematického) prístupu k štúdiu ekonomických javov a procesov. Základné definície a výsledky. Rozdelenie produkcie. Cobbova-Douglasova produkčná funkcia. 
610 2 0 |a funkcie produkčné 
610 2 0 |a funkcie produkčné ekonometrické 
610 2 0 |a funkcia Cobb-Douglasova 
610 2 0 |a modely analytické ekonometrické 
610 2 0 |a produkcia 
610 2 0 |a kapitál 
610 2 0 |a práca 
100 1 |a Jurga, Rastislav